Topazio e le altre... (Record n. 100123)
[ formato base ]
| 000 -LEADER | |
|---|---|
| fixed length control field | 03578njm a2200469Ia 4500 |
| 001 - CONTROL NUMBER | |
| control field | 90301 |
| 003 - CONTROL NUMBER IDENTIFIER | |
| control field | IT-RoPAU |
| 005 - DATE AND TIME OF LATEST TRANSACTION | |
| control field | 20220918181125.0 |
| 008 - FIXED-LENGTH DATA ELEMENTS--GENERAL INFORMATION | |
| fixed length control field | 131025s9999 xx 000 0 und d |
| 040 ## - CATALOGING SOURCE | |
| Original cataloging agency | IT-RoPAU |
| 040 ## - CATALOGING SOURCE | |
| Transcribing agency | IT-RoPAU |
| 041 ## - LANGUAGE CODE | |
| Language code of text/sound track or separate title | ITALIANO |
| 999 ## - SYSTEM CONTROL NUMBERS (KOHA) | |
| Koha Dewey Subclass [OBSOLETE] | n.d. |
| 100 ## - MAIN ENTRY--PERSONAL NAME | |
| Personal name | AA.VV. |
| 9 (RLIN) | 794 |
| 100 ## - MAIN ENTRY--PERSONAL NAME | |
| Relator term | Autore musica |
| 9 (RLIN) | 27126 |
| 100 ## - MAIN ENTRY--PERSONAL NAME | |
| Miscellaneous information | Codice autore musica SPICS: 12000 |
| 9 (RLIN) | 796 |
| 245 ## - TITLE STATEMENT | |
| Title | Topazio e le altre... |
| 250 ## - EDITION STATEMENT | |
| Edition statement | 1a ed. |
| 260 ## - PUBLICATION, DISTRIBUTION, ETC. (IMPRINT) | |
| Place of publication, distribution, etc. | MILANO |
| 260 ## - PUBLICATION, DISTRIBUTION, ETC. (IMPRINT) | |
| Name of publisher, distributor, etc. | FIVE RECORD |
| Date of publication, distribution, etc. | 1990 [1a Ed.:1990 - Ed. Lingua Orig.: 1990] |
| 300 ## - PHYSICAL DESCRIPTION | |
| Extent | DISCO |
| 300 ## - PHYSICAL DESCRIPTION | |
| Dimensions | 45 minuti (Testo: 0 pag.) |
| 500 ## - GENERAL NOTE | |
| General note | Colonna sonora. Sigle e temi d'amore delle più belle telenovelas |
| 505 ## - FORMATTED CONTENTS NOTE | |
| Formatted contents note | Piccola e fragile [(Drupi) (sigla della telenovela Topazio) (5:00)] - Topazio Love's Theme [(Cipriani Stelvio) (sigla della telenovela Topazio) (4:00)] - Jolanda [(Cipriani Stelvio) (sigla della telenovela Jolanda) (4:00)] - Doctor Sandoval [(Cipriani Stelvio) (sigla della telenovela Doctor Sandoval) (4:00)] - General Hospital [(Martelli Augusto) (sigla dello sceneggiato televisivo General Hospital) (2:00)] - If You Don't Know Me By Now [(Absolute Blue) (sigla dello sceneggiato televisivo La valle dei pini) (6:00)] - This Is the Time [(Cuccarini Lorella) (sigla dello sceneggiato televisivo Sentieri) (5:00)] - Song of Chelsea [(Masarati Davide) (sigla dello sceneggiato televisivo Sentieri) (3:00)] - Reva's Theme [(Masarati Davide) (sigla dello sceneggiato televisivo Sentieri) (2:00)] - Un angelo blu [(Vandelli Maurizio) (sigla della telenovela Veronica il volto dell'amore) (3:00)] - Your Cowboy [(Trombetti Giovanni) (sigla della telenovela Una vita da vivere) (3:00)] - What Am I Gonna Do [(Wesley Linda) (sigla della telenovela Febbre d'amore) (5:00)] |
| 650 ## - SUBJECT ADDED ENTRY--TOPICAL TERM | |
| Topical term or geographic name as entry element | COLONNA SONORA [DISCHI] |
| Relator term | Codice MATERIA SPICS: 9950 |
| 9 (RLIN) | 27127 |
| 700 ## - ADDED ENTRY--PERSONAL NAME | |
| Personal name | Riccardi Enrico |
| Dates associated with a name | Codice autore musica SPICS: 14331 |
| Relator term | Autore musica |
| Name of part/section of a work | Piccola e fragile |
| 9 (RLIN) | 27128 |
| 700 ## - ADDED ENTRY--PERSONAL NAME | |
| Personal name | Albertelli Luigi |
| Dates associated with a name | Codice autore SPICS: 14330 |
| Relator term | Autore |
| Name of part/section of a work | Piccola e fragile |
| 9 (RLIN) | 27129 |
| 700 ## - ADDED ENTRY--PERSONAL NAME | |
| Personal name | Cipriani Stelvio |
| Dates associated with a name | Codice autore musica SPICS: 10828 |
| Relator term | Autore musica |
| Name of part/section of a work | Topazio Love's Theme - Jolanda - Doctor Sandoval |
| 9 (RLIN) | 27130 |
| 700 ## - ADDED ENTRY--PERSONAL NAME | |
| Personal name | Martelli Augusto |
| Dates associated with a name | Codice autore testo/musica SPICS: 11006 |
| Relator term | Autore testo/musica |
| Name of part/section of a work | General Hospital |
| 9 (RLIN) | 27131 |
| 700 ## - ADDED ENTRY--PERSONAL NAME | |
| Personal name | Gamble K. |
| Dates associated with a name | Codice autore musica SPICS: 27021 |
| Relator term | Autore musica |
| Name of part/section of a work | If You Don't Know Me By Now |
| 9 (RLIN) | 27132 |
| 700 ## - ADDED ENTRY--PERSONAL NAME | |
| Personal name | Huff L. |
| Dates associated with a name | Codice autore testo/musica SPICS: 27022 |
| Relator term | Autore testo/musica |
| Name of part/section of a work | If You Don't Know Me By Now |
| 9 (RLIN) | 27133 |
| 700 ## - ADDED ENTRY--PERSONAL NAME | |
| Personal name | Joel Bill |
| Dates associated with a name | Codice autore testo/musica SPICS: 28371 |
| Relator term | Autore testo/musica |
| Name of part/section of a work | This Is the Time |
| 9 (RLIN) | 27134 |
| 700 ## - ADDED ENTRY--PERSONAL NAME | |
| Personal name | Masarati Davide |
| Dates associated with a name | Codice autore testo/musica SPICS: 32238 |
| Relator term | Autore testo/musica |
| Name of part/section of a work | Song of Chelsea - Reva's Theme |
| 9 (RLIN) | 27135 |
| 700 ## - ADDED ENTRY--PERSONAL NAME | |
| Personal name | Dello |
| Dates associated with a name | Codice autore musica SPICS: 32239 |
| Relator term | Autore musica |
| Name of part/section of a work | Un angelo blu |
| 9 (RLIN) | 27136 |
| 700 ## - ADDED ENTRY--PERSONAL NAME | |
| Personal name | Mogol (Rapetti Giulio) |
| Dates associated with a name | Codice autore testo/musica SPICS: 13643 |
| Relator term | Autore testo/musica |
| Name of part/section of a work | Un angelo blu |
| 9 (RLIN) | 27137 |
| 700 ## - ADDED ENTRY--PERSONAL NAME | |
| Personal name | Silvi (Musitelli) Lilia (Silvana) |
| Dates associated with a name | Codice autore musica SPICS: 13529 |
| Relator term | Autore musica |
| Name of part/section of a work | Your Cowboy |
| 9 (RLIN) | 27138 |
| 700 ## - ADDED ENTRY--PERSONAL NAME | |
| Personal name | Trombetti Giovanni |
| Dates associated with a name | Codice autore testo/musica SPICS: 18908 |
| Relator term | Autore testo/musica |
| Name of part/section of a work | Your Cowboy |
| 9 (RLIN) | 27139 |
| 700 ## - ADDED ENTRY--PERSONAL NAME | |
| Personal name | Wesley Linda |
| Dates associated with a name | Codice autore musica SPICS: 32242 |
| Relator term | Autore musica |
| Name of part/section of a work | What Am I Gonna Do |
| 9 (RLIN) | 27140 |
| 700 ## - ADDED ENTRY--PERSONAL NAME | |
| Personal name | Cenci |
| Dates associated with a name | Codice autore SPICS: 32240 |
| Relator term | Autore |
| Name of part/section of a work | What Am I Gonna Do |
| 9 (RLIN) | 27141 |
| 700 ## - ADDED ENTRY--PERSONAL NAME | |
| Personal name | Vicino |
| Dates associated with a name | Codice autore testo/musica SPICS: 32241 |
| Relator term | Autore testo/musica |
| Name of part/section of a work | What Am I Gonna Do |
| 9 (RLIN) | 27142 |
| 942 ## - ADDED ENTRY ELEMENTS (KOHA) | |
| Koha item type | DISCHI |
| Source of classification or shelving scheme | Dewey Decimal Classification |
| Withdrawn status | Lost status | Damaged status | Not for loan | Home library | Current library | Date acquired | Total Checkouts | Full call number | Date last seen | Price effective from | Koha item type | Public note |
|---|---|---|---|---|---|---|---|---|---|---|---|---|
| Buone Condizioni | Not For Loan | SPICS-MEDIATECA | SPICS-MEDIATECA | 25/10/2013 | 90301 | 25/10/2013 | 25/10/2013 | DISCHI | Progr. Ins.: 21711 / N.Vol.: 1 / Copie: 1 - Copia rara: n.d. / date import: 01.01.2014 - By Epidotti, Trombetti, Vaglietti |